Pros and coris : a debater's hand books

Bibliographic Details
Main Author: Jacobson, Michael D
Format: Book
Published: London : Routledge , 1992
Edition:17th ed
Subjects:

MARC

LEADER 00000cam a2200000 7i4500
001 0000004131
002 000004444
005 20000330.0
020 |a 041508461X 
090 0 0 |a 808.53   |b JAC 
100 1 |a Jacobson, Michael D 
245 1 0 |a Pros and coris :   |b a debater's hand books   |c Michale D.Jacobson 
250 |a 17th ed 
260 |a London :   |b Routledge ,   |c 1992 
300 |a 278p. ;   |c 18cm. 
650 0 0 |a Debating 
999 |a 033430   |b BUKU   |c PINJAMAN   |e PERPUSTAKAAN KOMUNITI PETALING JAYA